| 000 | 01124cam a22002413a 4500 | ||
|---|---|---|---|
| 001 | 21915 | ||
| 003 | PGUSA | ||
| 005 | 20140828083451.0 | ||
| 008 | 070623s2007||||xxu|||||s|||||000 | eng d | ||
| 040 |
_aPGUSA _beng |
||
| 042 | _adc | ||
| 050 | 4 | _aVK | |
| 100 | 1 |
_aCook, James, _d1728-1779 |
|
| 245 | 1 | 0 |
_aDirections for Navigating on Part of the South Coast of Newfoundland, with a Chart Thereof, Including the Islands of St. Peter's and Miquelon : _bAnd a Particular Account of the Bays, Harbours, Rocks, Land-marks, Depths of Water, Latitudes, Bearings, and Distances from Place to Place, the Setting of the Currents, and Flowing of the Tides, &c., from an Actual Survey, Taken by Order of Commodore Pallisser, Governor of Newfoundland, Labradore, &c. _h[electronic resource] / _cJames Cook |
| 260 |
_bProject Gutenberg, _c2007 |
||
| 506 | _aPublic domain in the USA. | ||
| 516 | _aElectronic text | ||
| 653 | _aPilot guides -- Newfoundland and Labrador | ||
| 653 | _aNavigation -- Newfoundland and Labrador | ||
| 830 | 0 |
_aProject Gutenberg _v21915 |
|
| 856 | 4 | 0 | _uhttp://www.gutenberg.org/ebooks/21915 |
| 942 | _cEB | ||
| 999 |
_c251170 _d251170 |
||